000
00297nam a22001217a 4500
041
_a
ENG
100
_a
M.H.Gutcho
245
_a
Freeze Drying Processes For The Food Industry
260
_a
New Jersey
_b
Noyes Data Corporation
_c
1977
300
_a
435
650
_a
APE ( 02 )
856
_u
APE ( 02 )
999
_c
2833
_d
2833